=LDR 00000nam 2200000 4500 =001 INLIS000000000037868 =005 20130612143557 =008 ***********************************Ind** =035 ##$$0010-061300000037868 =041 ##$$a Ind =082 ##$$a 613.71 =090 ##$$a 613.71, Yul p =100 ##$$a Yuliarti, Nurheti =245 ##$$a Panduan lengkap olahraga bagi wanita hamil dan menyusui, Nurheti Yulianti =260 ##$$a 2010 $b Yogyakarta =300 ##$$a 94 hlm, ilus, 17 cm =650 ##$$a Senam untuk wanita hamil =850 ##$$a NBPNMAT